| 000 | 01191naa a22003257a 4500 | ||
|---|---|---|---|
| 001 | BR6800329 | ||
| 003 | BR-BrBNA | ||
| 005 | 20240918173327.0 | ||
| 007 | ta | ||
| 008 | 230509b bl.||||| |||| 00| 0 por d | ||
| 040 |
_aBR-BrBNA _bpor _cBiblioteca Nacional de Agricultura |
||
| 041 | _a(Pt) | ||
| 072 |
_aK70; F10 _b4250 _bG514 _bGZ72 |
||
| 090 | _aK70 BR6800329 | ||
| 100 | 1 | _aNatel Sobrinho, A. | |
| 111 | 1 |
_aCongresso Florestal Brasileiro _cCuritiba, PR (Brazil) _d20 Oct 1968 |
|
| 245 | 1 | _aInterpretacao dos dados meteorologicos na prevencao de incendios florestais na fazenda Monte Alegre [Protecao florestal; Temperatura; Umidade; Parana; Brasil] | |
| 260 | 3 |
_aCuritiba, PR (Brasil): _c1968. |
|
| 500 | _aAnais do Congresso Florestal Brasileiro Curitiba, PR (Brasil): 1968. p. 193-206 (BR6800329-AM)K70 | ||
| 650 | _aProtecao florestal | ||
| 650 | _aMeteorologia | ||
| 650 | _aIncendio florestal | ||
| 650 | _aFloresta | ||
| 650 | _aTemperatura | ||
| 650 | _aUmidade | ||
| 650 | _aParana | ||
| 773 | 0 |
_tAnais do Congresso Florestal Brasileiro _wK70 BR6800329 _gCuritiba, PR (Brasil), 1968. p. 193-206 |
|
| 909 |
_a202404 _bLucia _c55 _dLucia Elande |
||
| 942 |
_cAM _2AGRIS |
||
| 999 |
_c303994 _d303994 |
||